000 01520nam a2200253Ia 4500
003 Ost
005 20260507075802.0
008 260507s9999||||xx |||||||||||||| ||und||
020 _a9789961018347
040 _cfsecg
041 _aara
082 _a658.57
100 _aمكيد، علي
_eمؤلف
245 0 _aبحوث العمليات وتطبيقاتها الاقتصادية :
_b البرمجة الرياضية الجزء الأول /
_c علي مكيد
250 _aطبعة 2
260 _aالجزائر :
_bديوان المطبوعات الجامعية,
_c2011
300 _a344 صفحة؛
_bإيضاحات ؛
_c22 سم
504 _aالمراجع ص.343
520 _aيضم البرمجة الخطية ، حل النماذج الخطية باستعمال الطريقة البيانية، حل النماذج باستعمال الطريقة السمبلكس، الحالات الخاصة لطريقة السمبلكس، المسألة الثنائية في البرمجة الخطية، البرمجة الباراميترية، حساسية دالة الهدف للتغير في معاملاتها، دراسة تأثير تغير الطرف الأيمن للقيود الفنية، البرمجة الديناميكية وتذكير بأهم القواعد النظرية، تطبيقات نموذج البرمجة الديناميكية.
653 _aالبرمجة الخطية
653 _aالبرمجة الرياضية
653 _aبحوث العمليات
942 _cكتاب
999 _c46284
_d46284